Countries Closest to China - 15 Second Sprint - Statistics

General Stats
  • This quiz has been taken 34 times
  • The average score is 7 of 20
Answer Stats
km Country miles % Correct
0 Russia 0
87%
0 Mongolia 0
70%
0 India 0
65%
331 Japan 205
65%
0 Vietnam 0
61%
0 Laos 0
48%
0 North Korea 0
48%
0 Nepal 0
39%
4 Taiwan 3
39%
0 Bhutan 0
30%
263 South Korea 164
30%
0 Burma 0
26%
115 Thailand 71
22%
0 Kazakhstan 0
17%
0 Afghanistan 0
13%
94 Bangladesh 58
13%
0 Pakistan 0
13%
0 Kyrgyzstan 0
9%
0 Tajikistan 0
9%
108 Uzbekistan 67
0%
No matching quizzes found
Score Distribution
Percent of People with Each Score
Percentile by Number Answered
Your Score History
You have not taken this quiz